Top Pistachio Producing Countries - Statistics

General Stats
  • This quiz has been taken 94 times
  • The average score is 7 of 10
Answer Stats
Production (MT) Country # % Correct
231,000 United States 2
90%
472,097 Iran 1
85%
74,000 China 4
83%
150,000 Turkey 3
81%
2,850 Italy 7
75%
10,000 Greece 6
66%
57,195 Syria 5
59%
1,792 Australia 9
46%
2,000 Afghanistan 8
43%
1,400 Tunisia 10
26%
No matching quizzes found
Score Distribution
Percent of People with Each Score
Percentile by Number Answered
Your Score History
You have not taken this quiz